书目信息 |
| 题名: |
名人名言与经典赠言
|
|
| 作者: | 可佳 编 | |
| 分册: | ||
| 出版信息: | 天津 天津古籍出版社 2004 |
|
| 页数: | 450页 | |
| 开本: | 21cm | |
| 丛书名: | ||
| 单 册: | ||
| 中图分类: | H033 | |
| 科图分类: | ||
| 主题词: | 格言--ge yan--世界--汇编 | |
| 电子资源: | ||
| ISBN: | 7-80696-107-0 | |
| 000 | 00575nam0 2200205 450 | |
| 001 | CAL 012005130683 | |
| 005 | 20061123161633.95 | |
| 010 | @a7-80696-107-0@dCNY 18.00 | |
| 099 | @aCAL 012005130683 | |
| 100 | @a20051111d2004 em y0chiy0121 ea | |
| 101 | 0 | @achi |
| 102 | @aCN@b120000 | |
| 200 | 1 | @a名人名言与经典赠言@Aming ren ming yan yu jing dian zeng yan@f可佳编 |
| 210 | @a天津@c天津古籍出版社@d2004 | |
| 215 | @a450页@d21cm | |
| 606 | 0 | @a格言@Age yan@y世界@j汇编 |
| 690 | @aH033@v4 | |
| 701 | 0 | @a可佳@Ake jia@4编 |
| 801 | @aCN@c20061123 | |
| 905 | @a10447@dH033@eK592 | |
| 名人名言与经典赠言/可佳编.-天津:天津古籍出版社,2004 |
| 450页;21cm |
| ISBN 7-80696-107-0:CNY 18.00 |
| ● |
| 相关链接 |
|
|
|
正题名:名人名言与经典赠言
索取号:H033/K592
 
预约/预借
| 序号 | 登录号 | 条形码 | 馆藏地/架位号 | 状态 | 备注 |
| 1 | 615854 | 206158548 | 语言库209/209语言库 66排2列6层/ [索取号:H033/K592] | 在馆 |